01123nam a2200253 a 4500001001000000005001700010008004100027020001500068041000800083044000700091050002000098245025400118260003800372300007100410500014000481500005200621500004400673650003100717651003700748653003700785700001600822700000800838700002300846BRCA_432720190320204629.0250610r18291990mx-ah#####---#000-0#spa-# a9686120076 aspa amx 4aTN28b.S45 199010aSeis panorámicas de los más importantes poblados y distritos mineros del altiplano de Méxicobdibujadas por la Sra. H. G. Ward y grabadas por el Sr. Pye con datos estadísticos de poblaciónctraducción y comentario de Elena Horz de Vía. aMéxicobBanco de Méxicoc1990 a1 v. (sin paginación)bil.c36 cm.e1 portafolio con 6 láminas aFacsímil de: Six Views of the Most Important Towns, and Mining Districts, Upon the Table Land of Mexico. Londres: Henry Colburn, 1829 aTítulo en cubierta: Panorámicas de México aPor su formato NO se presta a domicilio14aMinasySiglo XIXzMéxico 4aMéxicoxDescripción y viajes0 aViajeros extranjeros en México1 aWard, H. G.1 aPye1 aHorz de Via, Elena